| 000 | 00342 a2200109 4500 | ||
|---|---|---|---|
| 001 | ART_31285 | ||
| 005 | 20260410161840.0 | ||
| 008 | 260409a | ||
| 245 | 1 | 0 | _aLa excepción de inexistencia de deuda en el proceso de ejecución fiscal |
| 100 | 1 | _aTulia, Mauro A. | |
| 773 | 0 |
_tRAP _g- Año 36, Nº 423 (dic. 2013) _wREV5941 |
|
| 999 |
_c24022 _d24022 |
||